| 000 | 01297 a2200229 4500 | ||
|---|---|---|---|
| 001 | 48089 | ||
| 005 | 20260407155747.0 | ||
| 008 | 260407a2008 arg spa d | ||
| 003 | AR-UNSa-BCEJYS | ||
| 040 |
_aAR-UNSa-BCEJYS _bspa _cAR-UNSa-BCEJYS |
||
| 080 |
_a347.736 _xQuiebra. Insolvencia. Suspensión de pagos. Bancarrota, procedimientos. Derecho Concursal |
||
| 245 | 1 | 0 |
_aLey de concursos y quiebras _p24.522 y modificatorias |
| 020 | _a978-950-508-820-1 | ||
| 264 | 1 |
_aBuenos Aires : _bAstrea _c2008 |
|
| 300 |
_a2 v. (336 ; 503 p.) _c23 cm. |
||
| 505 | _aVOL. I: 1. Cesación de pagos - 2. Concurso preventivo - 3. Apertura - 4. Verificación de créditos - 5. Acuerdo preventivo extrajudicial - 6. Agrupamientos - 7. Salvataje por terceros y "cramdown" - 8. Fuero de atracción - 9. Pronto pago laboral -- VOL. II: 10. Quiebra - 11. Conversión - 12. Revocatoria concursal - 13. Continuación de la empresa - 14. Liquidación y distribución - 15. Efecto sobre los contratos de trabajo - 16. Privilegios - 17. Extensión - 18. Responsabilidad de administradores. | ||
| 041 | _aspa | ||
| 942 | _cBK | ||
| 590 | _aniveau_biblio:m niveau_hierar:0 | ||
| 100 | 1 | _aGebhardt, Marcelo | |
| 856 | 4 | 1 |
_uhttps://www.biblioeco.unsa.edu.ar/pmb/images/libros/L127816.jpg _yImagen de portada _qimage/jpeg |
| 999 |
_c4536 _d4536 |
||